000
00247nam a2200121Ia 4500
100
_a
Pippenger
942
_c
BK
654
_a
Fluid
245
_a
Fluid power Controls
260
_b
McGraw Hill
_a
NEWYORK
_c
1959
300
_a
252
546
_a
ENGLISH
999
_c
17780
_d
17780